000
00220 a2200097 4500
001
45155
100
_a
Tietjens O.G
245
_a
Applied hydro aeromechanics
260
_a
New York
_b
Dover pub
_c
090
_c
28355
_d
28355
942
_a
NUST-CAE
_c
M
_c
20397
999
_c
280228
_d
280228